Советские мастера сатиры 1941-1945

Detalhes bibliográficos
Outros Autores: Сысоев П. М. (составитель)
Idioma:russo
Publicado em: Москва, Искусство, 1946
Assuntos:
Formato: MixedMaterials Livro
KOHA link:https://koha.lib.tpu.ru/cgi-bin/koha/opac-detail.pl?biblionumber=174111

MARC

LEADER 00000nam0a2200000 4500
001 174111
005 20231031164609.0
035 |a (RuTPU)RU\TPU\book\188811 
090 |a 174111 
100 |a 20100120d1946 m y0rusy50 ca 
101 0 |a rus 
102 |a RU 
105 |a a t 000zy 
200 1 |a Советские мастера сатиры 1941-1945  |f сост. П. М. Сысоев 
210 |a Москва  |a Ленинград  |c Искусство  |d 1946 
215 |a 178 с.  |c ил. 
610 1 |a сатира 
610 1 |a карикатуры 
610 1 |a Великая Отечественная война 1941-1945 
610 1 |a плакаты 
675 |a 741.5  |v 3 
702 1 |a Сысоев  |b П. М.  |4 220 
801 1 |a RU  |b 63413507  |c 20100120 
801 2 |a RU  |b 63413507  |c 20100927  |g RCR 
942 |c BK